<?xml version="1.0" encoding="UTF-8"?>
<record
    xmlns:xsi="http://www.w3.org/2001/XMLSchema-instance"
    xsi:schemaLocation="http://www.loc.gov/MARC21/slim http://www.loc.gov/standards/marcxml/schema/MARC21slim.xsd"
    xmlns="http://www.loc.gov/MARC21/slim">

  <leader>01519pab a2200169 454500</leader>
  <controlfield tag="008">180718b2012   xxu||||| |||| 00| 0 eng d</controlfield>
  <datafield tag="100" ind1=" " ind2=" ">
    <subfield code="a">Beeri, Itai</subfield>
  </datafield>
  <datafield tag="245" ind1=" " ind2=" ">
    <subfield code="a">Turnaround management strategies in public systems: The impact on group-level organizational citizenship behavior</subfield>
  </datafield>
  <datafield tag="260" ind1=" " ind2=" ">
    <subfield code="c">2012</subfield>
  </datafield>
  <datafield tag="300" ind1=" " ind2=" ">
    <subfield code="a">p.158-179.</subfield>
  </datafield>
  <datafield tag="362" ind1=" " ind2=" ">
    <subfield code="a">Mar</subfield>
  </datafield>
  <datafield tag="520" ind1=" " ind2=" ">
    <subfield code="a">The use of Turnaround Management Strategies (TMS) in public administration has received growing interest among both researchers and practitioners who deal with public performance. However, our theoretical and empirical knowledge about TMS suffers from significant lacunae. This research presents result from a unique empirical survey that tests the effect of TMS on group-level Organizational Citizenship Behavior. One hundred and twenty-six senior leaders of English local authorities participated in the study. The findings show that local authorities that implemented repositioning and reorganization at the organizational level to a high extent experienced high levels of group-level Organizational Citizenship Behavior, while high implementation of reorganization at the personnel level was linked to low group-level Organizational Citizenship Behavior. Group-level Organizational Citizenship Behavior was indifferent to retrenchment strategies. Implications and suggestions for future studies are discussed. - Reproduced.</subfield>
  </datafield>
  <datafield tag="650" ind1=" " ind2=" ">
    <subfield code="a">Public administration</subfield>
  </datafield>
  <datafield tag="773" ind1=" " ind2=" ">
    <subfield code="a">International Review of Administrative Sciences</subfield>
  </datafield>
  <datafield tag="908" ind1=" " ind2=" ">
    <subfield code="a">N</subfield>
  </datafield>
  <datafield tag="909" ind1=" " ind2=" ">
    <subfield code="a">95832</subfield>
  </datafield>
  <datafield tag="999" ind1=" " ind2=" ">
    <subfield code="c">95832</subfield>
    <subfield code="d">95832</subfield>
  </datafield>
  <datafield tag="952" ind1=" " ind2=" ">
    <subfield code="0">0</subfield>
    <subfield code="1">0</subfield>
    <subfield code="4">0</subfield>
    <subfield code="7">0</subfield>
    <subfield code="a">IIPA</subfield>
    <subfield code="b">IIPA</subfield>
    <subfield code="d">2018-07-19</subfield>
    <subfield code="h">Volume no: 78, Issue no: 1</subfield>
    <subfield code="p">AR96292</subfield>
    <subfield code="r">2018-07-19</subfield>
    <subfield code="w">2018-07-19</subfield>
    <subfield code="y">AR</subfield>
  </datafield>
</record>
